000 01018nam a2200253Ia 4500
003 OSt
005 20220923220450.0
006 a|||||r|||| 00| 0
007 ta
008 220922b |||||||| |||| 00| 0 hin d
024 _a186,786
037 _cTextual
040 _aARTS
_cARTS
_bhin
041 _2hin
_ahin
082 _aXM2v2, 152M6
100 _aगुर्जर, लीलाराम
_9156271
245 0 _aभारतीय समाजवादी चिन्तन
_b राममनोहर लोहिया के विशिष्ट संदर्भ मे एक अध्ययन
246 _aBhāratīya samājavādī chintana: rāmahinohar lohiyā ke vishiṣhṭa sandarbha me ek adhyayana
260 _aजयपुर
_b पंचशील प्रकाशन
_c1986
300 _a196 पृ.
_ccm.
650 _aअर्थशास्त्र
942 _hXM2v2, 152M6
_cTEXL
_2CC
999 _c340029
_d340029